MARC

LEADER 00000nam0a2200000 4500
001 57453
005 20231031054236.0
010 |a 5030034455 
035 |a (RuTPU)RU\TPU\book\60619 
090 |a 57453 
100 |a 20031104d2002 m y0rusy50 ca 
101 0 |a rus 
102 |a RU 
105 |a y j 001zy 
200 1 |a Задачи и вопросы по химии окружающей среды  |e учебное пособие  |f Н. П. Тарасова, В. А. Кузнецов, А. В. Малков и др. 
210 |a Москва  |c Мир  |d 2002 
215 |a 366 с. 
320 |a Библиогр.: с. 354 
610 1 |a окружающая среда 
610 1 |a химия 
610 1 |a экология 
610 1 |a атмосфера 
610 1 |a гидросфера 
610 1 |a почва 
610 1 |a физико-химические процессы 
610 1 |a ионизирующие излучения 
610 1 |a воздействия 
610 1 |a задачи 
610 1 |a типовые решения 
610 1 |a практические пособия 
610 1 |a учебные пособия 
675 |a 504(076)  |v 3 
701 1 |a Тарасова  |b Н. П.  |g Наталия Павловна 
701 1 |a Кузнецов  |b В. А.  |g Владимир Алексеевич 
701 1 |a Малков  |b А. В.  |g Александр Владимирович 
701 1 |a Сметанников  |b Ю. В.  |g Юрий Владимирович 
701 1 |a Додонова  |b А. А.  |g Анна Анатольевна 
801 1 |a RU  |b 63413507  |c 20031104  |g PSBO 
801 2 |a RU  |b 63413507  |c 20201130  |g PSBO 
900 |a Охрана окружающей среды 
900 |a Природопользование 
900 |a Защита окружающей среды 
942 |c BK 
952 |a 511100  |b 320700 
959 |a 34/20050411  |d 3  |e 0  |f НФ:3